| 000 | 00524nam a2200205 a 4500 | ||
|---|---|---|---|
| 001 | 25105 | ||
| 003 | CO-ViMGA | ||
| 008 | 141112s2004 ck r 000 u spa d | ||
| 020 | _a9788498674804 | ||
| 040 |
_aCO-ViMGA _bspa _cCO-ViMGA |
||
| 090 | _aCOUc | ||
| 100 | 1 | _aCousins, Lucy | |
| 245 | 1 | 0 |
_aLa calle de Maisy / _cLucy Cousins |
| 260 |
_aEspaƱa : _bRBA Libros, _c2009 |
||
| 300 | _a[16] p. | ||
| 490 | _aMi amiga Maisy | ||
| 650 | 1 | 4 |
_aCuentos infantiles _92743 |
| 650 | 1 | 4 |
_aLibro - Juego _938245 |
| 942 |
_2ddc _cBK |
||
| 999 |
_c32736 _d32736 |
||